| 000 | 00735nam a22002297a 4500 | ||
|---|---|---|---|
| 005 | 20260311062519.0 | ||
| 007 | ta | ||
| 008 | 231201s2001 sp |||||r|||| 001 0 spa d | ||
| 040 |
_avecauma _cvecauma _dvecauma |
||
| 099 |
_aJC176 _bS63 L3 |
||
| 100 | 1 |
_9340 _aLázaro, Raquel |
|
| 245 | 1 | 0 |
_aAdam Smith : _binterés particular y bien común |
| 260 |
_aPamplona : _bInstituto Empresa y Humanismo, Universidad de Navarra, _c2001. |
||
| 300 | _a69 p. | ||
| 490 | 0 |
_aCuadernos empresa y humanismo _v84 |
|
| 504 | _aIncluye referencias bibliográficas. | ||
| 600 | 1 | 0 |
_96163 _aSmith, Adam, _d1723-1790 _xCrítica e interpretación |
| 650 | 0 |
_9552 _aBIEN COMUN |
|
| 650 | 0 |
_aPOLITICA _9380 |
|
| 942 |
_cBK _2lcc |
||
| 999 |
_c8021 _d8021 |
||